Ethel Waters : (Record no. 2525)

MARC details
000 -LEADER
fixed length control field 00782nam a2200265Ii 4500
001 - CONTROL NUMBER
control field 5001
003 - CONTROL NUMBER IDENTIFIER
control field GBCCL
005 - DATE AND TIME OF LATEST TRANSACTION
control field 20241126110431.0
008 - FIXED-LENGTH DATA ELEMENTS--GENERAL INFORMATION
fixed length control field 790605s1978 mnu 00010 eng d
010 ## -
-- 78051889
035 ## - SYSTEM CONTROL NUMBER
System control number OCM05036557 830506
040 ## - CATALOGING SOURCE
Original cataloging agency IOR
Transcribing agency IOR
Modifying agency LBB
049 ## -
-- LBBK
082 ## - DEWEY DECIMAL CLASSIFICATION NUMBER
Classification number 783.7092
Item number KNA
090 ## - LOCALLY ASSIGNED LC-TYPE CALL NUMBER (OCLC); LOCAL CALL NUMBER (RLIN)
Classification number (OCLC) (R) ; Classification number, CALL (RLIN) (NR) ML429.W27
Local cutter number (OCLC) ; Book number/undivided call number, CALL (RLIN) K5
092 ## - LOCALLY ASSIGNED DEWEY CALL NUMBER (OCLC)
Item number W329
100 10 - MAIN ENTRY--PERSONAL NAME
Personal name Knaack, Twila.
9 (RLIN) 5261
245 10 - TITLE STATEMENT
Title Ethel Waters :
Remainder of title I touched a sparrow /
Statement of responsibility, etc. [by Twila Knaack ; introduction by Ruth Bell Graham.
250 ## - EDITION STATEMENT
Edition statement Special Crusade edition.
260 0# - PUBLICATION, DISTRIBUTION, ETC.
Place of publication, distribution, etc. Minneapolis, MN :
Name of publisher, distributor, etc. World Wide Publications,
Date of publication, distribution, etc. c1978.
300 ## - PHYSICAL DESCRIPTION
Extent 156 p. :
Other physical details ill., ports. ;
Dimensions 20 cm.
600 10 - SUBJECT ADDED ENTRY--PERSONAL NAME
Personal name Waters, Ethel,
Dates associated with a name 1896-1977.
9 (RLIN) 5260
740 #1 -
-- I touched a sparrow.
942 ## - ADDED ENTRY ELEMENTS (KOHA)
Source of classification or shelving scheme Dewey Decimal Classification
Koha item type Books
Koha issues (borrowed), all copies 1
Holdings
Withdrawn status Lost status Source of classification or shelving scheme Damaged status Not for loan Home library Current Library Shelving location Date acquired Total checkouts Full call number Barcode Date last seen Copy number Price effective from Koha item type Date last checked out
    Dewey Decimal Classification     GRACE BIBLE COLLEGE GRACE BIBLE COLLEGE General Studies 2017-08-22   783.7092 KNA 002969 2025-05-01 c.1 2017-08-22 Books  
    Dewey Decimal Classification     GRACE BIBLE COLLEGE GRACE BIBLE COLLEGE General Studies 2017-08-22 1 783.7092 KNA 002970 2025-05-01 c.2 2017-08-22 Books 2024-11-18
    Dewey Decimal Classification     GRACE BIBLE COLLEGE GRACE BIBLE COLLEGE General Studies 2017-08-22   783.7092 KNA 002971 2025-05-01 c.3 2017-08-22 Books  
    Dewey Decimal Classification     GRACE BIBLE COLLEGE GRACE BIBLE COLLEGE General Studies 2017-08-22   783.7092 KNA 002972 2025-05-01 c.4 2017-08-22 Books  
    Dewey Decimal Classification     GRACE BIBLE COLLEGE GRACE BIBLE COLLEGE General Studies 2017-08-22   783.7092 KNA 002973 2025-05-01 c.5 2017-08-22 Books  
    Dewey Decimal Classification     GRACE BIBLE COLLEGE GRACE BIBLE COLLEGE General Studies 2023-01-17   783.7092 KNA 020387 2025-05-01 c.6 2023-01-17 Books  
© Grace Bible College Library 2025